Podniky myslia pri rozvoji aj na splácanie úverov
Rozvojové financovanie priemyselných podnikov z bankových zdrojov. Investičné úvery a zmena štruktúry bankového financovania slovenských podnikov. Objem investičných úverov v slovenských bankách. Úrokové sadzby a regulatórne požiadavky.
Salvato in:
| Autore principale: | |
|---|---|
| Natura: | Capitolo di libro |
| Lingua: | slovacco |
| Soggetti: | |
| Tags: |
Nessun Tag, puoi essere il primo ad aggiungerne!!
|
MARC
| LEADER | 00000naa a2200000 4500 | ||
|---|---|---|---|
| 001 | 0225144 | ||
| 005 | 20231011124233.3 | ||
| 041 | 0 | |a slo | |
| 044 | |a SK | ||
| 245 | 1 | 0 | |a Podniky myslia pri rozvoji aj na splácanie úverov |c František Hradský |
| 520 | |a Rozvojové financovanie priemyselných podnikov z bankových zdrojov. Investičné úvery a zmena štruktúry bankového financovania slovenských podnikov. Objem investičných úverov v slovenských bankách. Úrokové sadzby a regulatórne požiadavky. | ||
| 610 | 2 | 0 | |a financovanie podnikov |
| 610 | 2 | 0 | |a formy financovania |
| 610 | 2 | 0 | |a formy podnikov |
| 610 | 2 | 0 | |a riadenie finančné |
| 610 | 2 | 0 | |a politika investičná |
| 610 | 2 | 0 | |a úver investičný |
| 610 | 2 | 0 | |a úver bankový |
| 100 | 1 | |a Hradský, František | |